Дерево Свободы (Запись № 5300768)

Подробности
000 -МАРКЕР
контрольное поле 01609nam0a22003251 4500
001 - ИДЕНТИФИКАТОР ЗАПИСИ
контрольное поле rc\3809721
005 - ИДЕНТИФИКАТОР ВЕРСИИ
контрольное поле 20260405201607.0
021 ## - НОМЕР ГОСУДАРСТВЕННОЙ РЕГИСТРАЦИИ
Код страны российская федерация
Номер [76-23868]
035 ## - ДРУГИЕ СИСТЕМНЫЕ НОМЕРА
Идентификатор записи (NLR Aleph) 007260337
100 ## - ДАННЫЕ ОБЩЕЙ ОБРАБОТКИ
Данные общей обработки 20120329d1976 |||y0rusy50 ca
101 1# - ЯЗЫК РЕСУРСА
Язык текста, звукозаписи и т.д. русский
Язык оригинала английский
-- шотландский
102 ## - СТРАНА ПУБЛИКАЦИИ ИЛИ ПРОИЗВОДСТВА
Страна публикации российская федерация
105 ## - ПОЛЕ КОДИРОВАННЫХ ДАННЫХ: ТЕКСТОВЫЕ МАТЕРИАЛЫ, МОНОГРАФИЧЕСКИЕ
Кодированные данные о монографическом текстовом документе a z |||||
200 1# - ЗАГЛАВИЕ И СВЕДЕНИЯ ОБ ОТВЕТСТВЕННОСТИ
Основное заглавие Дерево Свободы
Сведения, относящиеся к заглавию Англ. и шотланд. поэзия
-- [Для сред. и ст. возраста]
Первые сведения об ответственности В пер. И. Ивановского
Последующие сведения об ответственности [Послесл. Н. Дьяконовой
-- Рис. А. Сколозубова]
205 ## - СВЕДЕНИЯ ОБ ИЗДАНИИ
Сведения об издании 2-е изд., доп.
210 ## - ПУБЛИКАЦИЯ, РАСПРОСТРАНЕНИЕ И ДР.
Место издания, распространения и т.д. Ленинград
Имя издателя, распространителя и т. д. Дет. лит. Ленингр. отд-ние
Дата издания, распространения и т.д. 1976
215 ## - ФИЗИЧЕСКАЯ ХАРАКТЕРИСТИКА
Специфическое обозначение материала и объем 160 с.
Другие сведения о физической характеристике ил.
Размеры 17
327 0# - ПРИМЕЧАНИЯ О СОДЕРЖАНИИ
Текст примечания Авт.: В. Скотт; Р. Бернс; В. Вордсворт; Д. Байрон; Т. Мур; П. Шелли; Д. Китс; Нар. баллады
464 #0 - АНАЛИТИЧЕСКИЙ УРОВЕНЬ
Встроенное поле 2001#$aНародные баллады
Заглавие Народные баллады
464 #0 - АНАЛИТИЧЕСКИЙ УРОВЕНЬ
Встроенное поле 701#1$aСкотт$bВ.
-- 701#1$aБернс$bР.$gРоберт$f1759-1796$cпоэт$3RU\NLR\AUTH\7725988
-- 701#1$aВордсворт$bВ.
-- 701#1$aБайрон$bД.
-- 701#1$aМур$bТ.
-- 701#1$aШелли$bП.
-- 701#1$aКитс$bД.
702 #1 - ИМЯ ЛИЦА - ВТОРИЧНАЯ ОТВЕТСТВЕННОСТЬ
Код отношения Автор введения, предисловия, примечания и т.п.
Материалы, к которым относится поле rus
Графика поля Кириллица
Начальный элемент ввода Дьяконова
Часть имени, кроме начального элемента ввода Н. Я.
Даты 1915-2013
Расширение инициалов личного имени Нина Яковлевна
Идентификатор авторитетной/нормативной записи RU\NLR\AUTH\7789134
Системный номер авторитетной/нормативной записи 72062
702 #1 - ИМЯ ЛИЦА - ВТОРИЧНАЯ ОТВЕТСТВЕННОСТЬ
Начальный элемент ввода Ивановский
Часть имени, кроме начального элемента ввода И.
Расширение инициалов личного имени Игн
Код отношения Переводчик
702 #1 - ИМЯ ЛИЦА - ВТОРИЧНАЯ ОТВЕТСТВЕННОСТЬ
Начальный элемент ввода Сколозубов
Часть имени, кроме начального элемента ввода А.
Код отношения Иллюстратор
801 #0 - ИСТОЧНИК ЗАПИСИ
Страна российская федерация
Организация NLR
Правила каталогизации psbo
801 #1 - ИСТОЧНИК ЗАПИСИ
Страна российская федерация
Организация ELAR
Источник данных rusmarc
852 ## - МЕСТОНАХОЖДЕНИЕ И ШИФР ХРАНЕНИЯ
Идентификатор организации NLR
Шифр хранения (Call Number) 76-2/1541
942 ## - ДОПОЛНИТЕЛЬНЫЕ ЭЛЕМЕНТЫ ЗАПИСИ (АБИС)
Тип экземпляра АБИС Книга
980 ## - КОЛЛЕКЦИЯ
Название коллекции Национальная библиография
Экземпляры
Тип экземпляра Дата поступления Библиотека постоянного хранения Библиотека текущего хранения Место хранения Шифр хранения Штрих-код Статус не для выдачи Источник поступления Стоимость
Книга 26.10.2013 РНБ (Московский) РНБ (Московский) Русский книжный фонд: издания с 1957 года, 9этаж, Хран. 76-2/1541 7260337-10      
Книга 30.03.2021 РНБ (Московский) РНБ (Московский) Обменный фонд   1-3139026     80.00
Книга 05.09.2015 РНБ (Фонтанка) РНБ (Фонтанка) Юношеский читальный зал Ю И(Англ.)/Д-36 1-1003537   Источник неизвестен